000 00577nam a2200229 i 4500
001 C2-0002587
003 PPAK
005 20190630221754.0
008 970120s1990 enka|||| ||||| | eng d
020 _a85564035X
040 _aPPAK
_beng
_cPPAK
_erda
082 0 4 _a332.1
_223
090 0 0 _a332.1
_bNIN
_dR
245 0 0 _a1992
_beuromoney book
264 1 _aLondon :
_c1990
300 _a198 pages :
_billustrations ;
_c28 cm
336 _2rdacontent
_atext
337 _2rdamedia
_aunmediated
338 _2rdacarrier
_avolume
650 1 0 _aBanks and banking
942 _ddc
_cB
999 _c139
_d139